[Event "Szolnok op"]
[Site "Szolnok"]
[Date "2022.06.19"]
[Round "7"]
[White "Benko, Csanad Botond"]
[Black "Ferku, Donat"]
[Result "1-0"]
[WhiteElo "1441"]
[BlackElo "1792"]
[PlyCount "81"]
[EventDate "2022.06.16"]
[EventType "swiss"]
[EventRounds "7"]
[EventCountry "HUN"]
[SourceTitle "CBM 209 Extra"]
[Source "ChessBase"]
[SourceDate "2022.09.30"]
[SourceVersion "1"]
[SourceVersionDate "2022.09.30"]
[SourceQuality "1"]

1. d4 d5 2. c4 c6 3. Nc3 Nf6 4. Bg5 e6 5. Nf3 dxc4 6. e4 b5 7. Be2 a6 8. 0-0 Bb7 9. Ne5 Nbd7 10. f4 Be7 11. Qe1 Nxe5 12. fxe5 Qxd4+ 13. Kh1 Qxe5 14. Qh4 0-0-0 15. Bf4 Qc5 16. Qg3 Rhg8 17. Be3 Qb4 18. Bb6 Rd7 19. Ba7 Bd6 20. e5 Bc7 21. Rxf6 Rf8 22. Rff1 f6 23. Qh3 Bxe5 24. Qxe6 Kc7 25. Ne4 Re7 26. Bc5 Rxe6 27. Bxb4 Bxb2 28. Ba5+ Kc8 29. Bg4 Rfe8 30. Bxe6+ Rxe6 31. Rad1 Ba8 32. Rd8+ Kb7 33. Nc5+ Ka7 34. Nxe6 c3 35. Nd4 c5 36. Nc2 b4 37. Re1 Kb7 38. Re6 c4 39. Rd7+ Kc8 40. Ree7 Bc6 41. Rd8# 1-0

[Event "Szolnok op"]
[Site "Szolnok"]
[Date "2022.06.17"]
[Round "4"]
[White "Teglas, Matyas"]
[Black "Benko, Csanad Botond"]
[Result "1-0"]
[WhiteElo "1914"]
[BlackElo "1441"]
[PlyCount "55"]
[EventDate "2022.06.16"]
[EventType "swiss"]
[EventRounds "7"]
[EventCountry "HUN"]
[SourceTitle "CBM 209 Extra"]
[Source "ChessBase"]
[SourceDate "2022.09.30"]
[SourceVersion "1"]
[SourceVersionDate "2022.09.30"]
[SourceQuality "1"]

1. d4 d5 2. Nf3 Nf6 3. Bf4 c5 4. e3 Nc6 5. c3 Bg4 6. Nbd2 e6 7. Bb5 cxd4 8. exd4 Bd6 9. Bg5 h6 10. Bh4 0-0 11. 0-0 Be7 12. Qa4 Qb6 13. Ne5 g5 14. Bg3 Nxe5 15. dxe5 Ne8 16. Bxe8 Rfxe8 17. Qxg4 Qxb2 18. Nb3 Qxc3 19. Qh5 Kg7 20. f4 Qe3+ 21. Kh1 d4 22. Rae1 Qd3 23. fxg5 Bxg5 24. Qxf7+ Kh8 25. Rd1 Qc2 26. Nxd4 Qxa2 27. Nf5 exf5 28. Qxa2 1-0